000 01201nji a22002657a 4500
005 20100903161258.0
006 a|||||r|||||00| 0
007 sd ammalaaahaa
008 100830t xxu||||| |||| 00| 0 eng d
028 _aGE 33517
_bHis Master's Voice
035 _aGR-00888
040 _aSED
_cSED
100 _917455
245 _aIthna na sta ke koi jaaney /
_cLyric by Rrajendar Krishn ; Music by Qureshi Iqbal
_h[sound recording] :
246 _aइतना न सता के कोई जाने
260 _aDum Dum, India
_bHis Master's Voice
_cn.d.
300 _a1 sound disc [Gramophone Recording]:
_banalog, 33 1/3 rpm
_c9.5 in. (MP)
_fGramophone Record
500 _aBrief Record
505 _aSide-2 इतना न सता के कोई जाने (Ithna na sta ke koi jaaney ) Side 2 में अपने आपसे घबरागाया हूँ (Mei apne aapse ghabaragay hoon )
650 _aClassical music
_zIndia
_91186
_xExcerpts
700 _917416
_aKrishan, Rajinder
700 _917456
_aQureshi, Iqbal
942 _2ddc
_cGR
999 _c44060
_d44060